Southville International School and Colleges
Your cart is empty.
  • Cart
  • Lists
    Public lists Eva Luna New books Lux_list list_1
    Your lists Log in to create your own lists
  • Log in to your account
  • Your cookies
  • Search history
Southville International School and Colleges
  • Advanced search
  • Recent comments
  • Most popular
  • Libraries

Log in to your account

Log in with GOOGLE


If you do not have an external account, but do have a local account, you can still log in:

  1. Home
  2. MARC view: The forbidden game :
Normal view MARC view ISBD view

The forbidden game : (Record no. 115520)

[ view plain ]
MARC details
000 -LEADER
fixed length control field 00532nam a22001937a 4500
003 - CONTROL NUMBER IDENTIFIER
control field SISC
005 - DATE AND TIME OF LATEST TRANSACTION
control field 20160404134020.0
008 - FIXED-LENGTH DATA ELEMENTS--GENERAL INFORMATION
fixed length control field 140428b xxu||||| |||| 00| 0 eng d
020 ## - INTERNATIONAL STANDARD BOOK NUMBER
International Standard Book Number 0340215755
050 ## - LIBRARY OF CONGRESS CALL NUMBER
Classification number HV 5801
Item number .In55 1975
100 ## - MAIN ENTRY--PERSONAL NAME
Personal name Inglis, Brian
245 ## - TITLE STATEMENT
Title The forbidden game :
Remainder of title A social history of drugs /
Statement of responsibility, etc Brian Inglis.
260 ## - PUBLICATION, DISTRIBUTION, ETC. (IMPRINT)
Place of publication, distribution, etc Great Britain :
Name of publisher, distributor, etc Coronet books,
Date of publication, distribution, etc 1975.
300 ## - PHYSICAL DESCRIPTION
Extent 256 p. :
Dimensions 18 cm.
500 ## - GENERAL NOTE
General note Includes Index
650 ## - SUBJECT ADDED ENTRY--TOPICAL TERM
Topical term or geographic name as entry element Drugs
Form subdivision social history
942 ## - ADDED ENTRY ELEMENTS (KOHA)
Source of classification or shelving scheme Library of Congress Classification
Koha item type Books
Holdings
Withdrawn status Lost status Source of classification or shelving scheme Damaged status Home library Current library Shelving location Date acquired Sub Shelving location Total Checkouts Full call number Barcode Date last seen Date checked out Copy number Price effective from Koha item type
    Library of Congress Classification   Luxembourg Library Luxembourg Library High School Section 04/28/2014   1 HV 5801 .In55 1975 7093 09/20/2022 09/15/2022 1 04/28/2014 Books

The forbidden game :

APA

Inglis B., . (1975). The forbidden game. Great Britain: Coronet books.

Chicago

Inglis Brian, . 1975. The forbidden game. Great Britain: Coronet books.

Harvard

Inglis B., . (1975). The forbidden game. Great Britain: Coronet books.

MLA

Inglis Brian, . The forbidden game. Great Britain: Coronet books. 1975.

  • Place hold
  • Print
  • Cite
  • Add to your cart (remove)
  • Save record
    BIBTEX Dublin Core MARCXML MARC (non-Unicode/MARC-8) MARC (Unicode/UTF-8) MARC (Unicode/UTF-8, Standard) MODS (XML) RIS
  • More searches
    Search for this title in:
    Other Libraries (WorldCat) Other Databases (Google Scholar) Online Stores (Bookfinder.com) Open Library (openlibrary.org)

Exporting to Dublin Core...

SOUTHVILLE LIBRARY

Southville International School and Colleges Library

1281 Tropical Ave. Cor. Luxembourg St., BF Homes International, Las Pinas City

Tel. No. 8256374 / 252358 Loc. 117/146

Powered by Koha